000 00771nam a2200253Ia 4500
003 OSt
005 20220926013031.0
006 a|||||r|||| 00| 0
007 ta
008 220923b |||||||| |||| 00| 0 eng d
037 _cGeneral Book
040 _aRTL
_cRTL
_beng
041 _2eng
_aeng
082 _aX:97b4, L6
110 _aIndustrial Relations Research Association
_9128474
245 0 _aResearch in industrial human relations
_b A critica
260 _aNew York
_bHarper and Brothers
_c1976
300 _ax, 213p.
_ccm.
490 _aIts, publication . 17
650 _aIndustrail Relations
_9283015
700 _aIndustrial Relations Research Association
_9128475
942 _hX:97b4, L6
_cGB
_2CC
999 _c625011
_d625011